000 00311nam a22001217a 4500
020 _a0-00-433078-1
082 _a423 COL'H
100 _aURDARG, L,HAMLES, R,HILLONG, T
_976636
245 _aCOLLINS DICTIONARY OF THE ENGLISH LANGUAGE
260 _aCOLLINS
_bCOLLINS
_c1979
300 _aXXXV,1690P
942 _cBK
999 _c581983
_d581983